000 00617nam a22002055i 4500
001 177015
003 ES-MaACL
005 20230906220231.0
008 110224s2010 sp |||| | spa d
080 _a821.411.21(620)-31"19"
100 1 _aMahfuz, Naguib.
_975531
245 1 0 _aAkhenatón /
_cNaguib Mahfuz ; [traducción de Ángel Mestres Valero].
260 _a[Madrid] :
_bDiario Público,
_cD. L. 2010.
300 _a155 p. ;
_c20 cm.
490 1 _aPremios Nobel
700 1 _aMestres Valero, Ángel.
_9145373
830 0 _aPremios Nobel
_9190333
852 _aES-MaACL
_jE-14430
999 _c177015
_d177015